000 00297nam a2200109Ia 4500
008 171211s9999 xx 000 0 und d
245 4 _aThe Mask Handbook: A Practical Guide
245 _cToWilsher
260 _c2006
650 _xCULTURE
856 _uhttp://down.ebook777.com/061/9780415414364.pdf
999 _c347873
_d347873